| 000 | 00000nam 2200000zi 4500 |
| 001 | 9.928963 |
| 003 | CaOODSP |
| 005 | 20240129120855 |
| 006 | m o d f |
| 007 | cr cn||||||||| |
| 008 | 231017t20232023onca obs f000 0 fre d |
| 020 | |a9780660683300 |
| 040 | |aCaOODSP|bfre|erda|cCaOODSP |
| 043 | |an-cn--- |
| 086 | 1 |aHP5-169/2023F-PDF |
| 245 | 04|aLes personnes au Canada vivent généralement longtemps. |
| 264 | 1|a[Ottawa] : |bAgence de la santé publique du Canada = Public Health Agency of Canada, |c[2023] |
| 264 | 4|c©2023 |
| 300 | |a1 ressource en ligne (1 page) : |billustrations |
| 336 | |atexte|btxt|2rdacontent/fre |
| 337 | |ainformatique|bc|2rdamedia/fre |
| 338 | |aressource en ligne|bcr|2rdacarrier/fre |
| 500 | |aPublié aussi en anglais sous le titre : People in Canada generally live long lives. |
| 504 | |aComprend des références bibliographiques. |
| 650 | 6|aEspérance de vie|zCanada|vStatistiques. |
| 655 | 7|aStatistiques|2rvmgf |
| 710 | 2 |aAgence de santé publique du Canada, |eorganisme de publication. |
| 775 | 08|tPeople in Canada generally live long lives.|w(CaOODSP)9.928962 |
| 856 | 40|qPDF|s426 Ko|uhttps://publications.gc.ca/collections/collection_2024/aspc-phac/HP5-169-2023-fra.pdf |
| 986 | |a230500 |